Quick Pick: Television 'M' Shows Quiz Stats

 Plays Quiz Updated Apr 27, 2020

     
Support Sporcle.
Go Orange.
Score 0/10 Timer 01:00
0 Plays Today
% Correct
Modern Family
98.1%
Monk
94.9%
My So-Called Life
94.7%
Mission: Impossible
92.7%
Married... with Children
88.6%
Mystery Science Theater 3000
85.7%
Mad About You
79.5%
Mama's Family
74.6%
Made
57.7%
Medical Police
50.2%

Today's Daily Dose

From the Vault

Football League Clubs

by Matt

Sports 8m
In English Football, there's a long way to go before you reach the top.
Remove Ads.
Support Sporcle.
Get the best of Sporcle when you Go Orange. This ad-free experience offers more features, more stats, and more fun while also helping to support Sporcle. Thank you for becoming a member.

Show Comments

Extras

Top Quizzes Today


Score Distribution

Your Account Isn't Verified!

In order to create a playlist on Sporcle, you need to verify the email address you used during registration. Go to your Sporcle Settings to finish the process.

Report this User

Report this user for behavior that violates our Community Guidelines.

Details: